Estatísticas para Municípios da Região Metropolitana Carbonífera (SC) no mapa

Clique aqui para jogar o quiz

Estatísticas Gerais

  • Esse quiz foi jogado 45 vezes
  • A pontuação média é 14 de 26

Respostas no mapa

Respostas codificadas por cores de uma escala verde-vermelha no mapa do quiz de acordo com a % correta abaixo.
 

Estatísticas das Respostas

Município% Correto
Criciúma
97%
Araranguá
72%
Içara
59%
Praia Grande
59%
Siderópolis
59%
Sombrio
59%
Turvo
59%
Balneário Arroio do Silva
55%
Balneário Gaivota
55%
Balneário Rincão
55%
Morro da Fumaça
55%
Passo de Torres
55%
Ermo
52%
Nova Veneza
52%
Santa Rosa do Sul
52%
Urussanga
52%
Jacinto Machado
48%
Lauro Müller
48%
Maracajá
48%
São João do Sul
48%
Treviso
45%
Cocal do Sul
41%
Forquilhinha
41%
Meleiro
41%
Timbé do Sul
41%
Morro Grande
38%

Distribuição das Pontuações

Percentil de Números Respondidos

Porcentagem de Pessoas com Cada Pontuação

Sua Pontuação Histórica

Você não jogou esse quiz